[Event "Hull CC XXIX ann. B"]
[Site "Gatineau CAN"]
[Date "2009.09.08"]
[Round "1"]
[White "Lacourse, Guy"]
[Black "Charland, Roger"]
[Result "1-0"]
[WhiteElo "1740"]
[BlackElo "1520"]
[PlyCount "93"]
[GameId "2160767910092843"]
[EventDate "2009.09.08"]
[EventType "swiss"]
[EventRounds "5"]
[EventCountry "CAN"]
[SourceTitle "EXT 2011"]
[Source "ChessBase"]
[SourceDate "2011.11.26"]
[SourceVersion "1"]
[SourceVersionDate "2011.11.26"]
[SourceQuality "1"]

1. d4 Nf6 2. Nf3 g6 3. c4 d6 4. Nc3 Bg7 5. e4 O-O 6. Be2 Bg4 7. h3 Bd7 8. Be3 Re8 9. e5 dxe5 10. dxe5 Nc6 11. exf6 Bxf6 12. Qd2 Bxc3 13. Qxc3 Bf5 14. O-O e5 15. Rad1 Qf6 16. Bg5 Qe6 17. Kh2 Nd4 18. Rfe1 c5 19. Ng1 f6 20. Be3 Rad8 21. Qc1 Bc2 22. Rd2 Be4 23. f3 Bc6 24. Bd3 Qd6 25. Bxd4 exd4+ 26. g3 Re3 27. Be4 Rxe1 28. Qxe1 Re8 29. Re2 Bxe4 30. Rxe4 Rxe4 31. fxe4 Qe6 32. b3 b6 33. Nf3 a5 34. a4 h6 35. Kg2 Kf7 36. g4 g5 37. Kf2 Kg7 38. e5 fxe5 39. Qxe5+ Qxe5 40. Nxe5 Kf6 41. Nd7+ Ke7 42. Nxb6 Ke6 43. Kf3 Kd6 44. Ke4 Kc6 45. Nd5 Kd6 46. Nf6 Ke6 47. Nh5 1-0

[Event "Hull CC XXIX ann. B"]
[Site "Gatineau CAN"]
[Date "2009.09.08"]
[Round "1"]
[White "Laurin, Marcel"]
[Black "Berthiaume, Patrick"]
[Result "1-0"]
[WhiteElo "1656"]
[BlackElo "1176"]
[PlyCount "53"]
[GameId "2160767910092844"]
[EventDate "2009.09.08"]
[EventType "swiss"]
[EventRounds "5"]
[EventCountry "CAN"]
[SourceTitle "EXT 2011"]
[Source "ChessBase"]
[SourceDate "2011.11.26"]
[SourceVersion "1"]
[SourceVersionDate "2011.11.26"]
[SourceQuality "1"]

1. d4 e6 2. c4 d5 3. Nc3 Bb4 4. Bd2 Nf6 5. cxd5 Bxc3 6. Bxc3 Qxd5 7. f3 O-O 8. e4 Qd8 9. Bd3 Nc6 10. Ne2 Re8 11. O-O e5 12. d5 Nb8 13. Rc1 c6 14. dxc6 Nxc6 15. Qc2 a6 16. Rfd1 Qb6+ 17. Kf1 Bd7 18. Be1 Rac8 19. Qd2 Red8 20. Bf2 Nd4 21. Nc3 Be6 22. b3 Qb4 23. Be1 Nxb3 24. axb3 Bxb3 25. Qb2 a5 26. Nd5 Qa4 27. Rxc8 1-0

[Event "Hull CC XXIX ann. B"]
[Site "Gatineau CAN"]
[Date "2009.09.08"]
[Round "1"]
[White "Scantland, Patrick"]
[Black "Levesque, Andre"]
[Result "1-0"]
[WhiteElo "1742"]
[BlackElo "1307"]
[PlyCount "75"]
[GameId "2160767910092847"]
[EventDate "2009.09.08"]
[EventType "swiss"]
[EventRounds "5"]
[EventCountry "CAN"]
[SourceTitle "EXT 2011"]
[Source "ChessBase"]
[SourceDate "2011.11.26"]
[SourceVersion "1"]
[SourceVersionDate "2011.11.26"]
[SourceQuality "1"]

1. e4 c5 2. Nf3 Nc6 3. d4 cxd4 4. Nxd4 g6 5. c4 Bg7 6. Be3 Nf6 7. Nc3 O-O 8. Be2 d6 9. O-O a6 10. f4 Qc7 11. Rc1 Bd7 12. Bf3 Rab8 13. Nd5 Qd8 14. a3 Re8 15. b4 Nxd5 16. cxd5 Nxd4 17. Bxd4 Bxd4+ 18. Qxd4 b5 19. Rc3 Rf8 20. h4 f6 21. Rfc1 e5 22. dxe6 Bxe6 23. Rc6 Rf7 24. Rxd6 Rd7 25. Rd1 Rxd6 26. Qxd6 Qb6+ 27. Qxb6 Rxb6 28. e5 Bc4 29. Rd6 Rxd6 30. exd6 Kf8 31. Kf2 Ke8 32. Bc6+ Kd8 33. Ke3 Be6 34. Kd4 h6 35. Kc5 g5 36. fxg5 hxg5 37. hxg5 Bd7 38. gxf6 1-0

[Event "Hull CC XXIX ann. B"]
[Site "Gatineau CAN"]
[Date "2009.09.15"]
[Round "2"]
[White "Beriault, Silvain"]
[Black "MacIsaac, Alexandre"]
[Result "0-1"]
[WhiteElo "1724"]
[BlackElo "1483"]
[PlyCount "132"]
[GameId "2160767910092848"]
[EventDate "2009.09.08"]
[EventType "swiss"]
[EventRounds "5"]
[EventCountry "CAN"]
[SourceTitle "EXT 2011"]
[Source "ChessBase"]
[SourceDate "2011.11.26"]
[SourceVersion "1"]
[SourceVersionDate "2011.11.26"]
[SourceQuality "1"]

1. d4 Nf6 2. Nf3 e6 3. c4 c5 4. Nc3 d5 5. Bg5 dxc4 6. Qa4+ Nc6 7. dxc5 Bxc5 8. Ne5 Bxf2+ 9. Kxf2 Qd4+ 10. Ke1 Qxe5 11. Bxf6 Qxf6 12. e4 O-O 13. Qxc4 Qd4 14. Rd1 Qxc4 15. Bxc4 Ne5 16. Bb5 a6 17. Be2 b5 18. a3 Bb7 19. Kf2 Rfd8 20. Ke3 f6 21. Rhf1 Kf7 22. Rxd8 Rxd8 23. Rd1 Rxd1 24. Nxd1 Ke7 25. b4 Kd6 26. Nf2 Kc7 27. g3 Kb6 28. Kd4 Nc6+ 29. Kc3 e5 30. Bd3 Nd4 31. Ng4 Nf3 32. h4 h5 33. Nf2 g5 34. Be2 gxh4 35. Bxf3 hxg3 36. Nh3 h4 37. Kd3 f5 38. Ke3 Bxe4 39. Bxe4 fxe4 40. Kxe4 Kc6 41. Kxe5 Kd7 42. Kd5 Kc7 43. Ke5 Kc6 44. Ke4 Kd6 45. Kd4 Kc6 46. Ke5 Kd7 47. Kd5 Kc7 48. Ke5 Kb7 49. Kd6 Kb6 50. Kd7 Kb7 51. Ng5 Kb6 52. Kc8 Kc6 53. Kb8 Kb6 54. Nh3 a5 55. Kc8 axb4 56. axb4 Kc6 57. Kd8 Kd5 58. Ke7 Kc4 59. Kf6 Kxb4 60. Kg5 Kc3 61. Kxh4 g2 62. Kg3 b4 63. Kxg2 b3 64. Nf2 Kc2 65. Ng4 b2 66. Ne3+ Kd3 0-1

[Event "Hull CC XXIX ann. B"]
[Site "Gatineau CAN"]
[Date "2009.09.15"]
[Round "2"]
[White "Berthiaume, Patrick"]
[Black "Arsenault, Yves"]
[Result "0-1"]
[WhiteElo "1176"]
[BlackElo "1402"]
[PlyCount "42"]
[GameId "2160767910092849"]
[EventDate "2009.09.08"]
[EventType "swiss"]
[EventRounds "5"]
[EventCountry "CAN"]
[SourceTitle "EXT 2011"]
[Source "ChessBase"]
[SourceDate "2011.11.26"]
[SourceVersion "1"]
[SourceVersionDate "2011.11.26"]
[SourceQuality "1"]

1. e4 c5 2. Nf3 Nc6 3. c3 e5 4. d4 cxd4 5. cxd4 exd4 6. Nxd4 Bc5 7. Nxc6 bxc6 8. Bc4 Qe7 9. O-O Bb7 10. Qd3 Nf6 11. Bg5 h6 12. Bxf6 Qxf6 13. Nc3 O-O-O 14. Rad1 d6 15. Qg3 Bb6 16. Rfe1 Bc7 17. Qd3 Rhe8 18. Re3 Qg6 19. Rg3 Qh5 20. Rxg7 d5 21. exd5 Qxh2+ 0-1

[Event "Hull CC XXIX ann. B"]
[Site "Gatineau CAN"]
[Date "2009.09.15"]
[Round "2"]
[White "Dagenais, Benoit"]
[Black "Lacourse, Guy"]
[Result "1-0"]
[WhiteElo "1141"]
[BlackElo "1740"]
[PlyCount "97"]
[GameId "2160767910092851"]
[EventDate "2009.09.08"]
[EventType "swiss"]
[EventRounds "5"]
[EventCountry "CAN"]
[SourceTitle "EXT 2011"]
[Source "ChessBase"]
[SourceDate "2011.11.26"]
[SourceVersion "1"]
[SourceVersionDate "2011.11.26"]
[SourceQuality "1"]

1. e4 c5 2. Nf3 d6 3. d4 cxd4 4. Nxd4 Nf6 5. Nc3 a6 6. f3 e5 7. Nde2 Be6 8. f4 Qc7 9. f5 Bc4 10. Ng3 Nbd7 11. Bxc4 Qxc4 12. Qd3 Rc8 13. Bg5 Be7 14. Bxf6 Nxf6 15. O-O b5 16. Qxc4 Rxc4 17. a3 O-O 18. Rf3 Rfc8 19. Re1 R4c5 20. h3 a5 21. Rb1 b4 22. axb4 axb4 23. Na2 Rxc2 24. Nxb4 R2c4 25. Nd5 Nxd5 26. exd5 Rd4 27. f6 Bxf6 28. Rxf6 gxf6 29. Nf5 Rd2 30. Ne7+ Kf8 31. Nxc8 Rxd5 32. b4 Ke8 33. b5 Kd7 34. Ne7 Rxb5 35. Rxb5 Kxe7 36. Rb8 f5 37. Rh8 d5 38. Rxh7 Kf6 39. Kf2 d4 40. Rh6+ Kg5 41. Rd6 f6 42. g3 Kg6 43. Rd7 Kh6 44. Kf3 Kg6 45. g4 e4+ 46. Kf4 e3 47. gxf5+ Kh6 48. Rxd4 e2 49. Re4 1-0

[Event "Hull CC XXIX ann. B"]
[Site "Gatineau CAN"]
[Date "2009.09.15"]
[Round "2"]
[White "Dupont, Claude"]
[Black "Levesque, Andre"]
[Result "1-0"]
[WhiteElo "1532"]
[BlackElo "1307"]
[PlyCount "133"]
[GameId "2160767910092852"]
[EventDate "2009.09.08"]
[EventType "swiss"]
[EventRounds "5"]
[EventCountry "CAN"]
[SourceTitle "EXT 2011"]
[Source "ChessBase"]
[SourceDate "2011.11.26"]
[SourceVersion "1"]
[SourceVersionDate "2011.11.26"]
[SourceQuality "1"]

1. e4 c5 2. Nf3 Nc6 3. Bb5 a6 4. Bxc6 bxc6 5. d3 g6 6. Bd2 d6 7. Bc3 Nf6 8. Bxf6 exf6 9. c4 Bg7 10. Nc3 O-O 11. O-O Re8 12. Re1 Rb8 13. Qc2 f5 14. Nd2 fxe4 15. Ndxe4 Bf5 16. Ng3 Be6 17. Rac1 d5 18. b3 Qd6 19. Nce2 d4 20. Ne4 Qe7 21. Qd2 h6 22. Qa5 Bf8 23. N4g3 f5 24. Nf4 Qf6 25. Qxa6 Bf7 26. Qa5 Ra8 27. Qd2 h5 28. Rxe8 Rxe8 29. Re1 h4 30. Rxe8 Bxe8 31. Nge2 g5 32. Nh3 Bh6 33. f4 g4 34. Ng5 Kg7 35. a4 Kg6 36. a5 Qe7 37. g3 h3 38. Kf1 Qb7 39. b4 cxb4 40. Nxd4 c5 41. Nb3 Qc6 42. Kg1 Bd7 43. d4 cxd4 44. Nxd4 Qxc4 45. a6 Qxa6 46. Qxb4 Qa1+ 47. Kf2 Qa6 48. Qe7 Qa2+ 49. Ne2 Qd5 50. Qh7+ Kh5 51. Qf7+ Qxf7 52. Nxf7 Bg7 53. Ke3 Kg6 54. Nd6 Bf8 55. Nc4 Bc5+ 56. Nd4 Kf6 57. Ne5 Be8 58. Kd3 Ke7 59. Kc4 Kd6 60. Nxf5+ Ke6 61. Ng7+ Ke7 62. Kxc5 Bd7 63. Nxd7 Kxd7 64. Kd5 Ke7 65. Ke5 Kf7 66. Nh5 Kg6 67. Nf6 1-0

[Event "Hull CC XXIX ann. B"]
[Site "Gatineau CAN"]
[Date "2009.09.15"]
[Round "2"]
[White "Lavergne, Daniel"]
[Black "Desjardins, Michel"]
[Result "0-1"]
[WhiteElo "1565"]
[BlackElo "1860"]
[PlyCount "71"]
[GameId "2160767910092853"]
[EventDate "2009.09.08"]
[EventType "swiss"]
[EventRounds "5"]
[EventCountry "CAN"]
[SourceTitle "EXT 2011"]
[Source "ChessBase"]
[SourceDate "2011.11.26"]
[SourceVersion "1"]
[SourceVersionDate "2011.11.26"]
[SourceQuality "1"]

1. e4 d5 2. exd5 Qxd5 3. Nc3 Qd6 4. d4 Nf6 5. Nf3 a6 6. Be2 Bf5 7. O-O Nc6 8. a3 e6 9. Be3 Be7 10. Qd2 Rd8 11. Bf4 Qd7 12. Ne5 Qxd4 13. Qxd4 Nxd4 14. Bd3 Nxc2 15. Rad1 Nd4 16. Rfe1 O-O 17. Bxf5 Nxf5 18. g4 Nd4 19. Kg2 Nc2 20. Re2 Rxd1 21. Nxd1 Nd4 22. Rd2 Rd8 23. Nc3 Nb3 24. Re2 c6 25. h3 Nd5 26. Nxd5 cxd5 27. Rc2 Bd6 28. Nd3 Nd4 29. Rd2 Bxf4 30. Nxf4 Nc6 31. Ne2 Rc8 32. f4 Kf8 33. Kf3 Ke7 34. g5 f6 35. h4 b5 36. Ng3 0-1

[Event "Hull CC XXIX ann. B"]
[Site "Gatineau CAN"]
[Date "2009.09.15"]
[Round "2"]
[White "Menard, Marc"]
[Black "Berthiaume, Serge"]
[Result "1-0"]
[WhiteElo "1495"]
[BlackElo "1353"]
[PlyCount "53"]
[GameId "2160767910092854"]
[EventDate "2009.09.08"]
[EventType "swiss"]
[EventRounds "5"]
[EventCountry "CAN"]
[SourceTitle "EXT 2011"]
[Source "ChessBase"]
[SourceDate "2011.11.26"]
[SourceVersion "1"]
[SourceVersionDate "2011.11.26"]
[SourceQuality "1"]

1. e4 e6 2. d4 d5 3. Nc3 c5 4. Bb5+ Bd7 5. Bxd7+ Qxd7 6. Nf3 dxe4 7. Nxe4 Qb5 8. a4 Qc6 9. Qe2 cxd4 10. Nxd4 Qb6 11. c3 g6 12. Bg5 Bg7 13. O-O a6 14. Rfd1 Nd7 15. a5 Qc7 16. Ra4 Ngf6 17. Rc4 Qb8 18. b4 O-O 19. Nf3 Rc8 20. Nd6 Nd5 21. Nxc8 Nxc3 22. Ne7+ Kf8 23. Rxc3 Bxc3 24. Rxd7 Bxb4 25. Qd3 Bxa5 26. Qd4 Bc7 27. Qh8# 1-0

[Event "Hull CC XXIX ann. B"]
[Site "Gatineau CAN"]
[Date "2009.09.15"]
[Round "2"]
[White "Rainey, Ivan"]
[Black "Beland, Guy"]
[Result "0-1"]
[WhiteElo "1438"]
[BlackElo "1291"]
[PlyCount "62"]
[GameId "2160767910092855"]
[EventDate "2009.09.08"]
[EventType "swiss"]
[EventRounds "5"]
[EventCountry "CAN"]
[SourceTitle "EXT 2011"]
[Source "ChessBase"]
[SourceDate "2011.11.26"]
[SourceVersion "1"]
[SourceVersionDate "2011.11.26"]
[SourceQuality "1"]

1. d4 Nf6 2. c4 g6 3. Nc3 Bg7 4. e4 O-O 5. Nf3 d6 6. Be2 Nc6 7. O-O Re8 8. Be3 e5 9. d5 Nd4 10. Nd2 Nxe2+ 11. Qxe2 Ng4 12. f3 Nxe3 13. Qxe3 c6 14. f4 Bh6 15. g3 Bg4 16. Qf2 exf4 17. gxf4 f5 18. Qg3 Bg7 19. h3 Bh5 20. exf5 Qb6+ 21. Kh1 Qxb2 22. Nde4 Rf8 23. Rab1 Qa3 24. Rb3 Qa6 25. fxg6 Bxg6 26. Rg1 cxd5 27. Nxd5 Bxe4+ 28. Kh2 Qxa2+ 29. Rg2 Bxg2 30. Qxg2 Qxg2+ 31. Kxg2 b6 0-1

[Event "Hull CC XXIX ann. B"]
[Site "Gatineau CAN"]
[Date "2009.09.15"]
[Round "2"]
[White "Rose, Richard1"]
[Black "Laurin, Marcel"]
[Result "1-0"]
[WhiteElo "1775"]
[BlackElo "1656"]
[PlyCount "105"]
[GameId "2160767910092858"]
[EventDate "2009.09.08"]
[EventType "swiss"]
[EventRounds "5"]
[EventCountry "CAN"]
[SourceTitle "EXT 2011"]
[Source "ChessBase"]
[SourceDate "2011.11.26"]
[SourceVersion "1"]
[SourceVersionDate "2011.11.26"]
[SourceQuality "1"]

1. e4 b6 2. d4 Bb7 3. Bd3 d6 4. Nf3 e6 5. O-O h6 6. c4 Nd7 7. Nc3 Ne7 8. Re1 g5 9. d5 e5 10. b4 Ng6 11. Be3 Nf6 12. Qa4+ Ke7 13. c5 Nf4 14. Bf1 Ne8 15. Rad1 Kf6 16. g3 Rg8 17. h4 Bc8 18. hxg5+ hxg5 19. Bg2 Nxg2 20. Kxg2 Bg4 21. Qc6 Rg6 22. Nxe5 Bxd1 23. Nxg6 Bf3+ 24. Kxf3 Kxg6 25. Kg2 Bg7 26. Ne2 Nf6 27. f3 bxc5 28. bxc5 Rb8 29. cxd6 cxd6 30. Bxa7 Rb2 31. a4 Qa5 32. Bf2 Qb4 33. a5 Nxe4 34. Nf4+ gxf4 35. Rxe4 Qd2 36. Qxd6+ Kh7 37. Qc5 Rc2 38. Qb6 Rb2 39. Qc5 Rc2 40. Qb6 Rb2 41. Qa7 fxg3 42. Kxg3 Qxd5 43. Qe7 Rb5 44. Rh4+ Kg6 45. Rg4+ Kh7 46. Qh4+ Kg8 47. Bd4 Qd6+ 48. Kh3 Re5 49. Bxe5 Qxe5 50. Qg5 f5 51. Qxg7+ Qxg7 52. Rxg7+ Kxg7 53. a6 1-0

[Event "Hull CC XXIX ann. B"]
[Site "Gatineau CAN"]
[Date "2009.09.15"]
[Round "2"]
[White "Thibault, Mario"]
[Black "Cossette, Daniel"]
[Result "0-1"]
[WhiteElo "1695"]
[BlackElo "2099"]
[PlyCount "148"]
[GameId "2160767910092859"]
[EventDate "2009.09.08"]
[EventType "swiss"]
[EventRounds "5"]
[EventCountry "CAN"]
[SourceTitle "EXT 2011"]
[Source "ChessBase"]
[SourceDate "2011.11.26"]
[SourceVersion "1"]
[SourceVersionDate "2011.11.26"]
[SourceQuality "1"]

1. e4 c5 2. Nc3 Nc6 3. f4 g6 4. Nf3 Bg7 5. Bb5 Nd4 6. O-O Nxb5 7. Nxb5 a6 8. Nc3 b5 9. d3 Bb7 10. Qe1 e6 11. f5 Ne7 12. Qh4 Nc6 13. Bg5 f6 14. Be3 Qe7 15. fxe6 dxe6 16. Qf2 Bf8 17. d4 cxd4 18. Nxd4 Bg7 19. Nxc6 Bxc6 20. Rad1 b4 21. Bc5 Qb7 22. Nd5 Bxd5 23. exd5 e5 24. d6 O-O-O 25. Bb6 Rd7 26. Bc7 Re8 27. Qc5 f5 28. Rfe1 e4 29. Rd3 Re5 30. Qc4 Qb5 31. Qxb5 Rxb5 32. Rb3 Bd4+ 33. Kf1 Be5 34. Rd1 Kb7 35. h3 Kc6 36. a4 bxa3 37. Rxa3 Kb7 38. c4 Rxb2 39. c5 Rxc7 40. dxc7 Bxc7 41. Raa1 a5 42. Rd7 Rb5 43. Rxh7 Rxc5 44. Rg7 Rc6 45. Rb1+ Ka6 46. Rg8 Bb6 47. Ke1 Rf6 48. Ra8+ Ba7 49. Ke2 f4 50. Rb3 Rf5 51. Rg8 Rf6 52. Re8 e3 53. Re5 Rc6 54. Kf3 Bc5 55. Re8 g5 56. Re5 a4 57. Rc3 Kb5 58. Rxg5 Kb4 59. Rc1 a3 60. Rb1+ Kc3 61. Rc1+ Kb4 62. Rf5 a2 63. Rxf4+ Kb3 64. Ke2 Kb2 65. Rff1 Rc7 66. Rg1 Bd6 67. Rcd1 Bf4 68. Rgf1 Rc2+ 69. Kd3 Rd2+ 70. Rxd2+ exd2 71. Ke2 d1=Q+ 72. Rxd1 Bc1 73. Rd8 a1=Q 74. Rb8+ Kc3 0-1

[Event "Hull CC XXIX ann. B"]
[Site "Gatineau CAN"]
[Date "2009.09.22"]
[Round "3"]
[White "Beland, Guy"]
[Black "Menard, Marc"]
[Result "1/2-1/2"]
[WhiteElo "1291"]
[BlackElo "1495"]
[PlyCount "28"]
[GameId "2160767910092860"]
[EventDate "2009.09.08"]
[EventType "swiss"]
[EventRounds "5"]
[EventCountry "CAN"]
[SourceTitle "EXT 2011"]
[Source "ChessBase"]
[SourceDate "2011.11.26"]
[SourceVersion "1"]
[SourceVersionDate "2011.11.26"]
[SourceQuality "1"]

1. e4 e5 2. Nf3 Nc6 3. Bc4 Nf6 4. d3 d5 5. exd5 Nxd5 6. O-O Bc5 7. Nc3 Nxc3 8. bxc3 O-O 9. Bg5 Qe8 10. d4 Bb6 11. Re1 Bg4 12. Qd3 Bxf3 13. Qxf3 Kh8 14. Bf6 gxf6 1/2-1/2

[Event "Hull CC XXIX ann. B"]
[Site "Gatineau CAN"]
[Date "2009.09.22"]
[Round "3"]
[White "Berthiaume, Serge"]
[Black "Levesque, Andre"]
[Result "1-0"]
[WhiteElo "1353"]
[BlackElo "1307"]
[PlyCount "59"]
[GameId "2160767910092861"]
[EventDate "2009.09.08"]
[EventType "swiss"]
[EventRounds "5"]
[EventCountry "CAN"]
[SourceTitle "EXT 2011"]
[Source "ChessBase"]
[SourceDate "2011.11.26"]
[SourceVersion "1"]
[SourceVersionDate "2011.11.26"]
[SourceQuality "1"]

1. d4 f5 2. Nf3 e6 3. Bf4 Nf6 4. e3 Be7 5. c3 O-O 6. Bd3 d6 7. Qb3 Kh8 8. Nbd2 Qe8 9. Nc4 Nc6 10. O-O-O a6 11. a4 Qg6 12. g3 Ne4 13. Rdf1 d5 14. Nfe5 Nxe5 15. Nxe5 Qf6 16. h4 g6 17. Bxe4 dxe4 18. Nd7 Qf7 19. Nxf8 Qxf8 20. Bxc7 Bd6 21. Bxd6 Qxd6 22. Rd1 b6 23. Qb4 Qxb4 24. cxb4 Bd7 25. b3 b5 26. a5 Bc6 27. Kb2 Kg8 28. Rc1 Rc8 29. Rc3 Kf7 30. Rhc1 1-0

[Event "Hull CC XXIX ann. B"]
[Site "Gatineau CAN"]
[Date "2009.09.22"]
[Round "3"]
[White "Desjardins, Michel"]
[Black "Lacourse, Guy"]
[Result "1-0"]
[WhiteElo "1860"]
[BlackElo "1740"]
[PlyCount "88"]
[GameId "2160767910092863"]
[EventDate "2009.09.08"]
[EventType "swiss"]
[EventRounds "5"]
[EventCountry "CAN"]
[SourceTitle "EXT 2011"]
[Source "ChessBase"]
[SourceDate "2011.11.26"]
[SourceVersion "1"]
[SourceVersionDate "2011.11.26"]
[SourceQuality "1"]

1. e4 c5 2. Nc3 Nc6 3. g3 g6 4. Bg2 Bg7 5. d3 e6 6. Be3 d6 7. Qd2 Nge7 8. Bh6 O-O 9. Bxg7 Kxg7 10. h4 Nd4 11. h5 Ng8 12. O-O-O g5 13. f4 f6 14. Nge2 Nxe2+ 15. Nxe2 h6 16. d4 Qe7 17. e5 dxe5 18. dxe5 Rb8 19. exf6+ Qxf6 20. Qd6 Ra8 21. Qxc5 Qe7 22. Qe5+ Qf6 23. Rhf1 Qxe5 24. fxe5 Rxf1 25. Rxf1 Bd7 26. Bxb7 Rb8 27. Be4 Be8 28. Nd4 Bf7 29. g4 Ne7 30. Nc6 Nxc6 31. Bxc6 Rc8 32. Bf3 Rc5 33. Re1 a5 34. Re3 Kf8 35. b3 Ke7 36. Kd2 Be8 37. Kd3 a4 38. c4 axb3 39. axb3 Ra5 40. Kd4 Ra3 41. b4 Ra4 42. Kc5 Ra7 43. Kb6 Ra4 44. Rb3 Ra1 1-0

[Event "Hull CC XXIX ann. B"]
[Site "Gatineau CAN"]
[Date "2009.09.22"]
[Round "3"]
[White "Dupont, Claude"]
[Black "Charland, Roger"]
[Result "0-1"]
[WhiteElo "1532"]
[BlackElo "1520"]
[PlyCount "46"]
[GameId "2160767910092864"]
[EventDate "2009.09.08"]
[EventType "swiss"]
[EventRounds "5"]
[EventCountry "CAN"]
[SourceTitle "EXT 2011"]
[Source "ChessBase"]
[SourceDate "2011.11.26"]
[SourceVersion "1"]
[SourceVersionDate "2011.11.26"]
[SourceQuality "1"]

1. e4 e5 2. Nf3 Nc6 3. Bb5 a6 4. Bxc6 dxc6 5. d3 Bg4 6. Nbd2 Bc5 7. O-O Nf6 8. Qe1 Qe7 9. a3 O-O 10. b4 Bb6 11. Bb2 Nd7 12. h3 Bxf3 13. Nxf3 a5 14. Qc3 f6 15. Qb3+ Kh8 16. c4 a4 17. Qc2 c5 18. b5 Nb8 19. Nh4 c6 20. Nf5 Qd7 21. bxc6 Nxc6 22. Ne3 Nd4 23. Nd5 Nxc2 0-1

[Event "Hull CC XXIX ann. B"]
[Site "Gatineau CAN"]
[Date "2009.09.22"]
[Round "3"]
[White "Laurin, Marcel"]
[Black "Arsenault, Yves"]
[Result "1/2-1/2"]
[WhiteElo "1656"]
[BlackElo "1402"]
[PlyCount "73"]
[GameId "2160767910092865"]
[EventDate "2009.09.08"]
[EventType "swiss"]
[EventRounds "5"]
[EventCountry "CAN"]
[SourceTitle "EXT 2011"]
[Source "ChessBase"]
[SourceDate "2011.11.26"]
[SourceVersion "1"]
[SourceVersionDate "2011.11.26"]
[SourceQuality "1"]

1. d4 Nf6 2. c4 e6 3. a3 c6 4. Nc3 d5 5. c5 Be7 6. Nf3 Nbd7 7. Qc2 Qc7 8. g3 e5 9. dxe5 Nxe5 10. Nxe5 Qxe5 11. Bf4 Qf5 12. Qxf5 Bxf5 13. Be3 O-O 14. f3 Rad8 15. Bd4 Rfe8 16. g4 Be6 17. h4 Nd7 18. b4 b6 19. cxb6 axb6 20. Bh3 Bxh4+ 21. Bf2 Bxf2+ 22. Kxf2 Ne5 23. Rh2 g6 24. Rah1 Kg7 25. Kg3 Nc4 26. f4 Nxa3 27. f5 Bc8 28. Nd1 Nc2 29. g5 gxf5 30. Bg2 Rh8 31. Rh6 Nxb4 32. Ne3 Rde8 33. Kf4 b5 34. Bh3 Re4+ 35. Kf3 Re5 36. Kf4 Re4+ 37. Kf3 1/2-1/2

[Event "Hull CC XXIX ann. B"]
[Site "Gatineau CAN"]
[Date "2009.09.22"]
[Round "3"]
[White "MacIsaac, Alexandre"]
[Black "Rose, Richard1"]
[Result "0-1"]
[WhiteElo "1483"]
[BlackElo "1775"]
[PlyCount "57"]
[GameId "2160767910092866"]
[EventDate "2009.09.08"]
[EventType "swiss"]
[EventRounds "5"]
[EventCountry "CAN"]
[SourceTitle "EXT 2011"]
[Source "ChessBase"]
[SourceDate "2011.11.26"]
[SourceVersion "1"]
[SourceVersionDate "2011.11.26"]
[SourceQuality "1"]

1. e4 c5 2. Nf3 d6 3. d4 cxd4 4. Nxd4 Nf6 5. Nc3 Nc6 6. Bb5 Bd7 7. O-O g6 8. Be3 Bg7 9. h3 O-O 10. Nxc6 bxc6 11. Bd3 Qa5 12. Qd2 Qb4 13. a3 Qb7 14. Rfb1 e5 15. Bc4 Ne8 16. Rd1 Be6 17. Ba2 Bxa2 18. Rxa2 f5 19. f4 fxe4 20. Nxe4 d5 21. Nc5 Qf7 22. fxe5 Bxe5 23. Bd4 Bf4 24. Qe2 Nd6 25. Qe6 Nf5 26. Qxf7+ Rxf7 27. Bc3 Be3+ 28. Kh1 Bxc5 29. Raa1 0-1

[Event "Hull CC XXIX ann. B"]
[Site "Gatineau CAN"]
[Date "2009.09.22"]
[Round "3"]
[White "Scantland, Patrick"]
[Black "Dagenais, Benoit"]
[Result "1-0"]
[WhiteElo "1742"]
[BlackElo "1141"]
[PlyCount "35"]
[GameId "2160767910092867"]
[EventDate "2009.09.08"]
[EventType "swiss"]
[EventRounds "5"]
[EventCountry "CAN"]
[SourceTitle "EXT 2011"]
[Source "ChessBase"]
[SourceDate "2011.11.26"]
[SourceVersion "1"]
[SourceVersionDate "2011.11.26"]
[SourceQuality "1"]

1. e4 Nf6 2. e5 Nd5 3. c4 Nb6 4. d4 d6 5. f4 e6 6. Nf3 d5 7. c5 N6d7 8. Nc3 c6 9. Bd3 b6 10. b4 a5 11. f5 exf5 12. O-O axb4 13. Bxf5 bxc3 14. Ng5 Be7 15. Ne6 fxe6 16. Qh5+ Kf8 17. Bxe6+ Nf6 18. Qf7# 1-0

[Event "Hull CC XXIX ann. B"]
[Site "Gatineau CAN"]
[Date "2009.09.30"]
[Round "4"]
[White "Arsenault, Yves"]
[Black "Thibault, Mario"]
[Result "1-0"]
[WhiteElo "1402"]
[BlackElo "1695"]
[PlyCount "35"]
[GameId "2160767910092868"]
[EventDate "2009.09.08"]
[EventType "swiss"]
[EventRounds "5"]
[EventCountry "CAN"]
[SourceTitle "EXT 2011"]
[Source "ChessBase"]
[SourceDate "2011.11.26"]
[SourceVersion "1"]
[SourceVersionDate "2011.11.26"]
[SourceQuality "1"]

1. e4 c5 2. Nf3 g6 3. c3 Bg7 4. d4 cxd4 5. cxd4 d5 6. e5 f6 7. Nc3 Nh6 8. Bxh6 Bxh6 9. exf6 exf6 10. Bb5+ Nc6 11. Qe2+ Kf7 12. O-O Re8 13. Qc2 Bg4 14. Nxd5 Bxf3 15. gxf3 Nxd4 16. Bxe8+ Qxe8 17. Qc7+ Kg8 18. Nxf6+ 1-0

[Event "Hull CC XXIX ann. B"]
[Site "Gatineau CAN"]
[Date "2009.09.30"]
[Round "4"]
[White "Beland, Guy"]
[Black "Laurin, Marcel"]
[Result "1-0"]
[WhiteElo "1291"]
[BlackElo "1656"]
[PlyCount "111"]
[GameId "2160767910092869"]
[EventDate "2009.09.08"]
[EventType "swiss"]
[EventRounds "5"]
[EventCountry "CAN"]
[SourceTitle "EXT 2011"]
[Source "ChessBase"]
[SourceDate "2011.11.26"]
[SourceVersion "1"]
[SourceVersionDate "2011.11.26"]
[SourceQuality "1"]

1. e4 b6 2. Nf3 Bb7 3. Nc3 d6 4. d4 a6 5. Be2 Nd7 6. O-O e6 7. Re1 Ne7 8. d5 e5 9. Be3 h6 10. h3 g5 11. Nh2 Ng6 12. Bh5 Nf6 13. Bxg6 fxg6 14. Ng4 Bc8 15. Nxf6+ Qxf6 16. f4 gxf4 17. Rf1 h5 18. Ne2 g5 19. Ng3 Qg6 20. Bxf4 exf4 21. Nf5 Bxf5 22. exf5 Qxf5 23. Re1+ Kd7 24. c4 Bg7 25. c5 dxc5 26. Rc1 Bd4+ 27. Kh1 Qxd5 28. Rc3 c6 29. Rd3 Qxa2 30. Rxd4+ cxd4 31. Qxd4+ Qd5 32. Qg7+ Kc8 33. Qxh8+ Qd8 34. Re8 Kc7 35. Rxd8 Rxd8 36. Qe5+ Rd6 37. Qxg5 f3 38. gxf3 b5 39. Qxh5 c5 40. Qxc5+ Rc6 41. Qe7+ Kb6 42. b4 a5 43. Qe3+ Ka6 44. Qa3 a4 45. Kg2 Rg6+ 46. Kf2 Rc6 47. Kg3 Rc4 48. f4 Kb7 49. Kg4 Kc6 50. Kf5 Kd6 51. h4 Rd4 52. h5 Kd5 53. h6 Kc4 54. h7 Rd5+ 55. Ke6 Re5+ 56. Kf6 1-0